Normal view
MARC view
- Fiber Optic Communications
Entry Corporate Name
001 - CONTROL NUMBER
- control field: 124704
003 - CONTROL NUMBER IDENTIFIER
- control field: NUST
005 - DATE AND TIME OF LATEST TRANSACTION
- control field: 20240722115400.0
008 - FIXED-LENGTH DATA ELEMENTS
- fixed length control field: 240722|| aca||aabn | a|a d
040 ## - CATALOGING SOURCE
- Original cataloging agency: NUST
- Transcribing agency: NUST
110 ## - HEADING--CORPORATE NAME
- Corporate name or jurisdiction name as entry element: Fiber Optic Communications
670 ## - SOURCE DATA FOUND
- Source citation: Work cat.: (NUST): Palais Joseph C., Fiber Optic Communications, 2008.
